|
|
|
|
| LEADER |
00000nam a2200000 a 4500 |
| 001 |
vtls008633119 |
| 003 |
SK-MaSNL |
| 005 |
20260302075025.0 |
| 008 |
251031s2005 xo g f 000 0 slo |
| 015 |
|
|
|a SNBA2006/04-02381
|
| 020 |
|
|
|a 8088998646
|q (viaz.)
|
| 035 |
|
|
|a urn:nbn:sk:snk-am00cue8
|
| 035 |
|
|
|a urn:nbn:sk:snk-am3hp9o
|
| 035 |
|
|
|a 79369524-0536-4CD6-BD4D-B620447D43AC
|
| 040 |
|
|
|a SNK
|b slo
|c SNK
|e AACR2
|
| 041 |
1 |
|
|a slo
|h spa
|
| 044 |
|
|
|a xo
|c SK
|
| 072 |
|
7 |
|a 27-1/-2
|x Kresťanská teológia. Dogmatická teológia
|2 konspekt
|
| 080 |
|
|
|a 27-182.4
|2 2001
|
| 080 |
|
|
|a 272-1/-9
|2 2001
|
| 080 |
|
|
|a 27-184.3
|2 2001
|
| 080 |
|
|
|a 27-4
|2 2001
|
| 080 |
|
|
|a (035)
|2 2001
|
| 130 |
0 |
|
|a Mi Catecismo de Bolsillo
|l Slovensky
|9 298107
|
| 245 |
1 |
0 |
|a Môj vreckový katechizmus
|c [zo španielskeho originálu preložil a redakčne upravil: Jozef Jurko a kolektív]
|
| 250 |
|
|
|a 2. opr. vyd.
|
| 260 |
|
|
|a Kapušany
|b Štefánia Beňová - Bens
|c 2005
|
| 300 |
|
|
|a 87 s.
|c 13 cm
|
| 546 |
|
|
|a Súbež. príhovor tal.
|
| 650 |
0 |
7 |
|a katechizmy
|2 SNKPH
|9 37059
|
| 650 |
0 |
7 |
|a učenie katolíckej cirkvi
|2 SNKPH
|9 64342
|
| 650 |
0 |
7 |
|a kresťanská viera
|2 SNKPH
|9 1712
|
| 650 |
0 |
7 |
|a kresťanský život
|2 SNKPH
|9 1808
|
| 655 |
|
7 |
|a príručky
|2 SNKPH
|9 74364
|
| 700 |
1 |
|
|a Jurko, Jozef,
|d 1950-
|4 trl
|4 oth
|9 192669
|
| 919 |
|
|
|a 80-88998-64-6
|
| 999 |
|
|
|c 1167512
|d 1169442
|
| 952 |
|
|
|a SNK
|b SNK
|y PREZ
|7 0
|p 17A0503257
|o snkSE 11105
|i snk2006/6016
|8 0
|0 0
|1 0
|4 0
|d 2006-03-21
|f 1
|l 0
|r 2026-02-24 20:53:07
|w 2026-02-24
|
| 952 |
|
|
|a SNK
|b SNK
|y VYP
|7 0
|p 17A0503258
|o snkSE 11105 D1
|i snk2006/6018
|8 0
|0 0
|1 0
|4 0
|d 2006-03-21
|l 0
|r 2026-02-24 20:53:07
|w 2026-02-24
|